Housebuilding needs 165 000 extra workers (Record no. 76022)

MARC details
000 -LEADER
fixed length control field 01006cab a2200205 4500
001 - CONTROL NUMBER
control field ##L131283
008 - FIXED-LENGTH DATA ELEMENTS--GENERAL INFORMATION
fixed length control field 051017n2005 000 0 eng u
035 ## - SYSTEM CONTROL NUMBER
System control number (Sirsi) u131283
041 0# - LANGUAGE CODE
Language code of text/sound track or separate title eng
100 1# - MAIN ENTRY--PERSONAL NAME
Personal name Stanton, Justin
245 00 - TITLE STATEMENT
Title Housebuilding needs 165 000 extra workers
260 ## - PUBLICATION, DISTRIBUTION, ETC.
Date of publication, distribution, etc. 2005
490 #0 - SERIES STATEMENT
Series statement Contract Journal
Volume/sequential designation 430(6545) 5 October 2005, 5(1)
520 ## - SUMMARY, ETC.
Summary, etc. The labour needs of extra housing output: can the housebuilding industry cope?, a study by Michael Ball of Reading University calculates that the construction industry needs to recruit an additional 165 000 workers if it is to meet the target of 300 000 new homes set out in the Barker Review. This figure is based on the assumption that productivity remains the same. Table.
590 ## - LOCAL NOTE (RLIN)
Local note IKA251005
650 24 - SUBJECT ADDED ENTRY--TOPICAL TERM
Topical term or geographic name entry element THE LABOUR NEEDS OF EXTRA HOUSING OUTPUT: CAN THE HOUSEBUILDING INDUSTRY COPE?
650 24 - SUBJECT ADDED ENTRY--TOPICAL TERM
Topical term or geographic name entry element BARKER REVIEW OF HOUSING SUPPLY: SECURING OUR FUTURE HOUSING NEEDS
690 ## - LOCAL SUBJECT ADDED ENTRY--TOPICAL TERM (OCLC, RLIN)
Topical term or geographic name as entry element BUILT ENVIRONMENT
942 ## - ADDED ENTRY ELEMENTS (KOHA)
Suppress in OPAC 0
Holdings
Withdrawn status Lost status Source of classification or shelving scheme Damaged status Not for loan Home library Current library Shelving location Date acquired Total Checkouts Full call number Barcode Date last seen Copy number Price effective from Koha item type
    Dewey Decimal Classification     London London Journal article 17/10/2005   L131283 131283-1001 06/08/2019 1 06/08/2019 Journal article